U.S. policy in Libya : hearing before the Committee on Foreign Relations, United States Senate, One Hundred Fourteenth Congress, second session, June 15, 2016.

Bibliographic Details
Corporate Author: United States. Congress. Senate. Committee on Foreign Relations (Author)
Format: Government Document eBook
Language:English
Published: Washington : U.S. Government Publishing Office, 2018.
Series:S. hrg. ; 114-747
Subjects:
Online Access:https://purl.fdlp.gov/GPO/gpo90397

MARC

Tag First Indicator Second Indicator Subfields
LEADER 00000cam a2200000 i 4500
001 in00004044729
005 20190117085320.0
006 m o d f
007 cr bn||||a||||
008 180402s2018 dcu o f000 0 eng c
035 |a (OCoLC)on1030147761 
042 |a pcc 
043 |a n-us---  |a f-ly--- 
040 |a GPO  |b eng  |e rda  |e pn  |c GPO  |d GPO  |d OCLCF  |d MERUC  |d UOK  |d OCLCA  |d INT  |d GPO  |d MvI 
049 |a WWW 
050 4 |a KF26 .F6 2016l 
074 |a 1039-C (online) 
086 0 |a Y 4.F 76/2:S.HRG.114-747 
110 1 |a United States.  |b Congress.  |b Senate.  |b Committee on Foreign Relations,  |e author. 
245 1 0 |a U.S. policy in Libya :  |b hearing before the Committee on Foreign Relations, United States Senate, One Hundred Fourteenth Congress, second session, June 15, 2016. 
246 3 |a United States policy in Libya 
264 1 |a Washington :  |b U.S. Government Publishing Office,  |c 2018. 
300 |a 1 online resource (iii, 25 pages). 
336 |a text  |b txt  |2 rdacontent 
337 |a computer  |b c  |2 rdamedia 
338 |a online resource  |b cr  |2 rdacarrier 
490 1 |a S. hrg. ;  |v 114-747 
588 |a Description based on online resource, PDF version; title from title page (Govinfo web site, viewed Apr. 2, 2018). 
650 0 |a National security  |z Libya. 
650 0 |a Humanitarian assistance, American  |z Libya. 
651 0 |a United States  |x Foreign relations  |z Libya. 
651 0 |a Libya  |x Foreign relations  |z United States. 
655 7 |a Legislative hearings.  |2 lcgft 
776 0 8 |i Microfiche version:  |a United States. Congress. Senate. Committee on Foreign Relations.  |t U.S. policy in Libya  |w (OCoLC)1057365925 
776 0 8 |i Print version:  |a United States. Congress. Senate. Committee on Foreign Relations.  |t U.S. policy in Libya  |w (OCoLC)1029877449 
810 1 |a United States.  |b Congress.  |b Senate.  |t S. hrg. ;  |v 114-747. 
856 4 0 |u https://purl.fdlp.gov/GPO/gpo90397  |t 0 
999 f f |s c1bbfe01-926f-30ad-bf46-0427103a93e6  |i c17e92b7-6a01-385d-af32-85e19d486fd0  |t 0 
952 f f |a Texas A&M University  |b College Station  |c Electronic Resources  |d Available Online  |t 0  |e Y 4.F 76/2:S.HRG.114-747  |h Superintendent of Documents classification 
998 f f |a Y 4.F 76/2:S.HRG.114-747  |t 0  |l Available Online